| Tag |
First Indicator |
Second Indicator |
Subfields |
| LEADER |
00000cam a2200000 i 4500 |
| 001 |
in00003597939 |
| 005 |
20210430161258.0 |
| 006 |
m o d f |
| 007 |
cr ||||||||||| |
| 008 |
150604s2015 dcu ob f000 0 eng c |
| 035 |
|
|
|a (OCoLC)ocn910679124
|
| 042 |
|
|
|a pcc
|
| 043 |
|
|
|a n-us---
|
| 040 |
|
|
|a GPO
|b eng
|e rda
|e pn
|c GPO
|d GPO
|d STF
|d COO
|d OCLCO
|d UBY
|d OCLCO
|d GPO
|d MvI
|
| 049 |
|
|
|a WWW
|
| 050 |
1 |
4 |
|a KF27
|b .J874 2015c
|
| 074 |
|
|
|a 1020-C (online)
|
| 086 |
0 |
|
|a Y 4.J 89/1:114-16
|
| 088 |
|
|
|a Serial no. 114-16 (United States. Congress. House. Committee on the Judiciary)
|
| 110 |
1 |
|
|a United States.
|b Congress.
|b House.
|b Committee on the Judiciary.
|b Subcommittee on Regulatory Reform, Commercial and Antitrust Law,
|e author.
|
| 245 |
1 |
0 |
|a Consumers shortchanged? :
|b oversight of the Justice Department's mortgage lending settlements : hearing before the Subcommittee on Regulatory Reform, Commercial and Antitrust Law of the Committee on the Judiciary, House of Representatives, One Hundred Fourteenth Congress, first session, February 12, 2015.
|
| 246 |
3 |
0 |
|a Oversight of the Justice Department's mortgage lending settlements
|
| 264 |
|
1 |
|a Washington :
|b U.S. Government Publishing Office,
|c 2015.
|
| 300 |
|
|
|a 1 online resource (iv, 145 pages)
|
| 336 |
|
|
|a text
|b txt
|2 rdacontent
|
| 337 |
|
|
|a computer
|b c
|2 rdamedia
|
| 338 |
|
|
|a online resource
|b cr
|2 rdacarrier
|
| 500 |
|
|
|a Title from title screen (viewed on June 4, 2015).
|
| 500 |
|
|
|a Paper version available for sale by the Superintendent of Documents, United States Government Publishing Office.
|
| 504 |
|
|
|a Includes bibliographical references.
|
| 500 |
|
|
|a "Serial no. 114-16."
|
| 650 |
|
0 |
|a Foreclosure
|x Corrupt practices
|z United States.
|
| 650 |
|
0 |
|a Mortgages
|x Corrupt practices
|z United States.
|
| 650 |
|
0 |
|a Financial institutions
|x Corrupt practices
|z United States.
|
| 610 |
1 |
0 |
|a United States.
|b Department of Justice
|x Rules and practice.
|
| 655 |
|
7 |
|a Legislative hearings.
|2 lcgft
|
| 776 |
0 |
8 |
|i Print version:
|a United States. Congress. House. Committee on the Judiciary. Subcommittee on Regulatory Reform, Commercial and Antitrust Law.
|t Consumers shortchanged?
|w (OCoLC)911269427
|
| 776 |
0 |
8 |
|i Microfiche version:
|a United States. Congress. House. Committee on the Judiciary. Subcommittee on Regulatory Reform, Commercial and Antitrust Law.
|t Consumers shortchanged?
|w (OCoLC)930292427
|
| 856 |
4 |
0 |
|u https://purl.fdlp.gov/GPO/gpo58008
|t 0
|
| 856 |
4 |
0 |
|u http://purl.fdlp.gov/GPO/gpo58008
|t 0
|
| 999 |
f |
f |
|s 55e74262-6a1c-380a-8a1b-bbbd87891e40
|i 96e0dc10-91df-3724-8335-c5a2c61c025a
|t 0
|
| 952 |
f |
f |
|a Texas A&M University
|b College Station
|c Electronic Resources
|d Available Online
|t 0
|e Y 4.J 89/1:114-16
|h Superintendent of Documents classification
|
| 998 |
f |
f |
|a Y 4.J 89/1:114-16
|t 0
|l Available Online
|